000
00318 a2200109 4500
001
ART_51122
005
20260410161810.0
008
260409a
245
1
0
_a
Deudores en terapia intensiva
100
1
_a
Mozzi, Germán D.
773
0
_t
Doctrina Societaria y Concursal
_g
- N°391 (jun. 2020)
_w
REV4298
999
_c
21362
_d
21362